Library Banner

Undlas mein chand roz (Urdu) (Record no. 42433)

MARC details
000 -LEADER
fixed length control field 00450nam a2200181Ia 4500
001 - CONTROL NUMBER
control field 44440
008 - FIXED-LENGTH DATA ELEMENTS--GENERAL INFORMATION
fixed length control field 140428s9999 xx 000 0 und d
020 ## - INTERNATIONAL STANDARD BOOK NUMBER
International Standard Book Number NA
040 ## - CATALOGING SOURCE
Transcribing agency PK-LaUMT
082 ## - DEWEY DECIMAL CLASSIFICATION NUMBER
Classification number RHC 914.6
Item number TAQ-U
100 ## - MAIN ENTRY--PERSONAL NAME
Personal name Taqi Usmani, Muhammad
245 ## - TITLE STATEMENT
Title Undlas mein chand roz (Urdu)
Statement of responsibility, etc Taqi Usmani, Muhammad
260 ## - PUBLICATION, DISTRIBUTION, ETC. (IMPRINT)
Place of publication, distribution, etc Karachi,Pakistan:
Name of publisher, distributor, etc Idaratul Ma'arif,
Date of publication, distribution, etc 1993
300 ## - PHYSICAL DESCRIPTION
Extent 51 p.
546 ## - LANGUAGE NOTE
Language note UR
650 ## - SUBJECT ADDED ENTRY--TOPICAL TERM
Topical term or geographic name as entry element Spain
942 ## - ADDED ENTRY ELEMENTS (KOHA)
Koha item type Books
Holdings
Withdrawn status Lost status Damaged status Not for loan Home library Current library Date acquired Total Checkouts Full call number Barcode Date last seen Price effective from Koha item type
        UMT Main Campus UMT Main Campus 2014-04-28   RHC 914.6 TAQ-U 48030 2014-05-06 2014-05-06 Books